000 01048nam0a2200313 4500
001 RU\NLR\BIBL_A\011400854
005 20240727015303.0
010 _a9785906961099
_925
021 _aRU
_b2017-36097
_92644
035 _a(RuMoRGB)008886481
035 _a(NLR Aleph) 011400854
090 _a11506970
_c11506970
100 _a20170606d2017 u y0rusy50 ca
101 0 _arus
102 _aRU
105 _aabzzzz000|1ay
200 1 _aРомул - первый царь Рима
_eэпическая повесть
_fД. А. Муха
210 _aМосква
_cПеро
_d2017
215 _a330 с.
_cкарт.
_d21
300 _aНа 4-й с. обл. авт.: Муха Д. А., историк, преп.
320 _aБиблиогр.: с. 329 (6 назв.)
686 _aШ5(2=Р)64-644.2
_2rubbk
686 2 _aШ6(2=Р)8-442
700 1 _aМуха
_bД. А.
_f1980-
_gДаниил Александрович
942 _cBOOK
980 _aNBR